Country to Capital Letter B - Statistics

General Stats
  • This quiz has been taken 14 times
  • The average score is 15 of 18
Answer Stats
Hint Answer % Correct
Brazil Brasilia
100%
Belgium Brussels
100%
Bangladesh Dhaka
100%
Bulgaria Sofia
100%
Belize Belmopan
92%
Bolivia La Paz
92%
Belarus Minsk
92%
Bahamas Nassau
92%
Bosnia and Herzegovina Sarajevo
92%
Bolivia Sucre
92%
Barbados Bridgetown
83%
Bhutan Thimphu
83%
Brunei Bandar Seri Begawan
75%
Bahrain Manama
67%
Burkina Faso Ouagadougou
67%
Botswana Gaborone
58%
Burundi Gitega
50%
Benin Porto-novo
50%
No matching quizzes found
Score Distribution
Percent of People with Each Score
Percentile by Number Answered
Your Score History
You have not taken this quiz